00351pab a2200121 454500008004000000100001700040245008900057260000900146300001100155362000900166650002800175773002600203180718b1987 xxu||||| |||| 00| 0 eng d aAustin, R.C. aThe wright affairs - the wrong responsebConstitutional aspects of the wright affair c1987 a319-24 aJuly aOfficial Secrets - U.K. aParliamentary Affairs